[Event "CUB-ch 46th"]
[Site "Ciego de Avila"]
[Date "2010.01.21"]
[Round "9"]
[White "Bruzon Batista, Lazaro"]
[Black "Corrales Jimenez, Fidel"]
[Result "1-0"]
[WhiteElo "2615"]
[BlackElo "2602"]
[PlyCount "105"]
[EventDate "2010.01.13"]
[EventType "swiss"]
[EventRounds "9"]
[EventCountry "CUB"]
[SourceTitle "CBM 134 Extra"]
[Source "ChessBase"]
[SourceDate "2010.03.03"]
[SourceVersion "1"]
[SourceVersionDate "2010.03.03"]
[SourceQuality "1"]

1. Nf3 d5 2. d4 Nf6 3. c4 c6 4. e3 e6 5. Bd3 Nbd7 6. b3 a5 ({RR} 6... Bd6 7. Bb2 O-O 8. O-O b6 9. Nbd2 Bb7 10. Ne5 c5 11. cxd5 Nxd5 12. Ndc4 Nxe5 13. dxe5 Be7 14. a3 f5 15. exf6 Bxf6 16. Qh5 g6 17. Qh3 Bxb2 18. Qxe6+ Kg7 19. Nxb2 Re8 20. Qh3 Qf6 21. Na4 {Sargissian,G (2658)-Bocharov,D (2602) Moscow 2007 1-0 (46)}) ({RR} 6... Bb4+ 7. Bd2 Bxd2+ 8. Nbxd2 O-O 9. O-O Qe7 10. Qc2 h6 11. Rfe1 Rd8 12. e4 dxe4 13. Bxe4 Nxe4 14. Nxe4 Nf6 15. c5 Nxe4 16. Qxe4 b6 17. b4 Rd5 18. Ne5 Bd7 19. Nc4 Rb8 20. Ne3 Rh5 21. g3 {Sonis,F (2558)-Kalosha,Z (2170) Bassano del Grappa ITA 2023 1-0 (39)}) ({RR} 6... Bd6 7. Bb2 Ne4 8. O-O O-O 9. Qc2 f5 10. Ba3 Bxa3 11. Nxa3 Ndf6 12. Rac1 Bd7 13. Ne5 Qe7 14. Nb1 Rad8 15. cxd5 exd5 16. f3 Nd6 17. Rfe1 Be6 18. Bf1 Nd7 19. Nd3 g5 20. Nd2 f4 21. e4 {Bruzon Batista,L (2620)-Arencibia Rodriguez,W (2555) Havana 2007 0-1 (39)}) 7. O-O a4 8. Bb2 axb3 $146 ({RR} 8... Bd6 9. Nbd2 O-O 10. bxa4 Nb6 11. Rb1 Nxa4 12. Ba1 Qa5 13. Qc2 Bd7 14. Rxb7 Bb4 15. Nb3 dxc4 16. Nxa5 cxd3 17. Qxa4 {1-0 (17) Sjugirov,S (2675)-Reimanis,R (2421) Chess.com INT 2020}) ({RR} 8... Bd6 9. Nbd2 O-O 10. bxa4 Nb6 11. Rb1 Nxa4 12. Ba1 Qa5 13. Qc2 Bd7 14. Rxb7 Bb4 15. Nb3 dxc4 16. Nxa5 cxd3 17. Qxa4 {1-0 (17) Sjugirov,S (2675)-Reimanis,R (2421) Chess.com INT 2020}) 9. axb3 Rxa1 10. Bxa1 Bb4 11. Qc2 O-O 12. Nbd2 g6 13. Bc3 Bd6 14. c5 Bc7 15. b4 Qe7 16. Qb2 Nh5 17. b5 f5 18. Ra1 cxb5 19. Bxb5 f4 20. e4 dxe4 21. Nxe4 Ndf6 22. Nxf6+ Nxf6 23. Ba5 Bb8 24. Re1 Nd5 25. Bc4 Rf5 26. h3 g5 27. Qb3 Qg7 28. Bxd5 Rxd5 29. Qb6 Qd7 30. Rc1 Qe7 31. Bb4 Qc7 32. Ra1 Qd8 33. Qxd8+ Rxd8 34. Ba5 Re8 35. Nxg5 Bd7 36. Ne4 Kg7 37. f3 Bc6 38. Nd6 Re7 39. Bd2 Bxd6 40. cxd6 Rf7 41. Ra8 Kg6 42. Rg8+ Kf5 43. h4 h6 44. h5 e5 45. dxe5 Kxe5 46. Bc3+ Kd5 47. Rg7 Rd7 48. Rg4 Rf7 49. Bg7 Bd7 50. Rg6 Bf5 51. Bxh6 Bxg6 52. hxg6 Rd7 53. g7 1-0

[Event "88th Tata Steel Masters"]
[Site "Wijk aan Zee NED"]
[Date "2026.01.23"]
[Round "6.6"]
[White "Giri, A."]
[Black "Nguyen, Thai Dai Van"]
[Result "1/2-1/2"]
[WhiteElo "2760"]
[BlackElo "2656"]
[PlyCount "104"]
[EventDate "2026.01.17"]

1. d4 d5 2. c4 e6 3. Nf3 Nf6 4. cxd5 exd5 5. Nc3 h6 6. Bf4 Bd6 7. Bxd6 Qxd6 8. e3 Bf5 ({RR} 8... O-O 9. Qc2 a6 10. Bd3 Re8 11. O-O Bg4 12. Ne5 Nc6 13. Nxc6 Qxc6 14. Rae1 Bd7 15. f3 Qd6 16. Qf2 Re7 17. h3 c5 18. dxc5 Qxc5 19. e4 Qxf2+ 20. Kxf2 dxe4 21. Nxe4 Nxe4+ 22. Rxe4 Kf8 23. Rd4 {Caruana,F (2784)-Firouzja,A (2766) Zagreb 2025 ½-½ (45)}) 9. Ne5 ({RR} 9. Nh4 Bh7 10. Bd3 Bxd3 11. Qxd3 g6 12. O-O Kf8 13. f3 Nc6 14. Rad1 Kg7 15. e4 Qe6 16. e5 Nh5 17. f4 Ne7 18. f5 gxf5 19. Nxf5+ Kf8 20. Rd2 Nxf5 21. Rxf5 Qg6 22. Nxd5 c6 23. Ne3 Ng7 {Gharibyan,M (2487)-Ganiev,A (2306) chess.com INT 2026 0-1 (63)}) 9... Nbd7 10. Bd3 $146 ({RR} 10. Nxd7 Qxd7 11. Bd3 O-O 12. O-O c6 13. a3 Ne8 14. Bxf5 Qxf5 15. Qf3 Qxf3 16. gxf3 Nd6 17. b3 f5 18. f4 Rae8 19. Kg2 Re6 20. Kf3 Kf7 21. Rg1 Kf6 22. h4 Rc8 23. Rac1 Kf7 24. a4 Ree8 {Alakhverdiev,A (2008)-Palczert,M (2299) chess.com INT 2024 0-1 (69)}) ({RR} 10. Nxd7 Qxd7 11. Bd3 O-O 12. O-O c6 13. a3 Ne8 14. Bxf5 Qxf5 15. Qf3 Qxf3 16. gxf3 Nd6 17. b3 f5 18. f4 Rae8 19. Kg2 Re6 20. Kf3 Kf7 21. Rg1 Kf6 22. h4 Rc8 23. Rac1 Kf7 24. a4 Ree8 {Alakhverdiev,A (2008)-Palczert,M (2299) chess.com INT 2024 0-1 (69)}) 10... Bxd3 11. Nxd3 O-O 12. O-O c6 13. b4 a5 14. b5 Ne4 15. Nxe4 dxe4 16. bxc6 bxc6 17. Nf4 Nf6 18. Rc1 Rfb8 19. Qa4 Rb5 20. h3 Rab8 21. Rc3 Nd5 22. Nxd5 Qxd5 23. Rfc1 Rb2 24. a3 Qb5 25. Qd1 Qe2 26. Qxe2 Rxe2 27. Rc5 Rbb2 28. Rf5 g6 29. Rf4 g5 30. Rf5 Rb5 31. Rcc5 Ra2 32. Rxb5 cxb5 33. Rxb5 Rxa3 34. Re5 f6 35. Re7 Kf8 36. Ra7 h5 37. g3 a4 38. h4 Ra1+ 39. Kg2 a3 40. d5 a2 41. d6 gxh4 42. Ra8+ Kf7 43. d7 Rd1 44. gxh4 Rxd7 45. Rxa2 Kg6 46. Kg3 Rd1 47. Kf4 Rh1 48. Kxe4 Rxh4+ 49. f4 Rg4 50. Ra8 h4 51. Rg8+ Kh5 52. Rh8+ Kg6 1/2-1/2

[Event "Interpolis"]
[Site "Tilburg"]
[Date "1989.09.15"]
[Round "1"]
[White "Agdestein, Simen"]
[Black "Ljubojevic, Ljubomir"]
[Result "1-0"]
[WhiteElo "2605"]
[BlackElo "2635"]
[PlyCount "103"]
[EventDate "1989.09.15"]
[EventType "tourn"]
[EventRounds "14"]
[EventCountry "NED"]
[EventCategory "15"]
[SourceTitle "CBM 015"]
[Source "ChessBase"]
[SourceDate "1990.04.01"]
[SourceVersion "1"]
[SourceVersionDate "1990.04.01"]
[SourceQuality "1"]

1. d4 {Tsesarsky,Ilya} d5 2. c4 c6 3. Nf3 Nf6 4. e3 e6 5. Be2 Nbd7 6. O-O ({RR} 6. Nbd2 Bd6 7. O-O O-O 8. b3 b6 9. Bb2 Bb7 10. Qc2 ({RR} 10. a4 a5 11. Ne5 Qe7 ({RR} 11... Qc7) 12. Bf3 c5 ({RR} 12... Rad8) 13. Nxd7 Nxd7 ({RR} 13... Qxd7 14. dxc5 bxc5 15. Bxf6 gxf6 16. cxd5 exd5 17. e4) 14. cxd5 exd5 ({RR} 14... Bxd5 15. e4 Bb7 16. e5 Bxf3 17. exd6) 15. Nc4 dxc4 ({RR} 15... Bc7 16. dxc5 Nxc5 17. Na3 ({RR} 17. Bxd5 Bxd5 18. Qxd5 Rfd8 19. Qc6 Rac8 20. Qb5 Rd3 21. Ra3) 17... Rac8 18. Nb5 Be5 19. Bxe5 Qxe5 20. Qd4) 16. Bxb7 Rab8 17. Bf3 b5 ({RR} 17... cxb3 18. Qxb3 Bc7 19. Rfd1) 18. dxc5 ({RR} 18. axb5 Rxb5 ({RR} 18... cxb3 19. Qxb3) 19. dxc5 Nxc5 20. Qd4 Ne6 21. Qxc4) 18... Nxc5 19. bxc4 bxc4 20. Bc3 Nd3 21. Rb1 Bb4) 10... Qe7 11. Ne5 Rac8 12. e4 dxe4 13. Nxe4 Nxe4 14. Qxe4 Nf6 15. Qe3 c5 ({RR} 15... Rfd8 16. Rad1 c5 17. f4) 16. Bf3 ({RR} 16. Rad1) 16... Rfd8 17. Rad1 cxd4 18. Bxd4 Bxf3 19. Qxf3 Qc7 20. Rfe1 ({RR} 20. Qe3 Nd7) 20... Bb4 {Portisch,L (2610)-Ioseliani,N (2520) Copenhagen 1997 CBM 061 [Tsesarsky,Ilya] ½-½ (45)} ({RR} 20... a6 21. h3 b5 22. Qe3 Bb4 23. Bb6 Rxd1 24. Rxd1 Qb7 25. Bd4 Rd8 26. Rd3 bxc4 27. Nxc4 Be7 ({RR} 27... Qe4 28. Bxf6 Qxd3 29. Qg5))) ({RR} 6. Qc2 b5 ({RR} 6... dxc4 7. Bxc4 a6 8. O-O c5 9. Rd1 b5 10. Be2 Bb7 11. a4 Be4 12. Bd3 Bxf3 13. gxf3 cxd4 14. axb5 Rc8 15. Qe2 a5 16. Bd2) 7. c5 a5 8. O-O Be7 9. Nbd2 Qc7 10. e4 O-O 11. e5 Nh5 12. Re1 f6 13. exf6 gxf6 14. h3) 6... b6 ({RR} 6... Ne4 7. Nbd2 Bd6 8. Qc2 f5 9. b3 Qf6 10. Ne1 O-O 11. f4 Nxd2 12. Bxd2 Qe7 13. Nf3 Nf6 14. c5 Bc7 15. Ne5 Bd7 16. b4 Ne4 17. Rab1 b5 18. a4 Bxe5 19. dxe5 bxa4 20. Ra1 a5 21. Rxa4 {Maurutyte,L (1639)-Chmiel,K (1753) Suwalki POL 2025 ½-½}) 7. Bd2 $146 ({RR} 7. Nc3 Bb7 8. cxd5 exd5 9. Bd2 Be7 10. Nh4 c5 11. Nf5 cxd4 12. Nxd4 O-O 13. Rc1 Nc5 14. Na4 Nce4 15. Nf5 Nxd2 16. Nxe7+ Qxe7 17. Qxd2 Rad8 18. Qd4 Rfe8 19. Bb5 Rf8 20. Bd3 h6 21. h3 Rc8 {Tuttle,J-Lin,K (1871) Stillwater 2010 0-1 (57)}) ({RR} 7. b3 Bb7 8. Bb2 Be7 9. Nc3 O-O 10. Rc1 Re8 11. Re1 Bb4 12. a3 Bxc3 13. Bxc3 Ne4 14. Bb2 f5 15. cxd5 exd5 16. Qd3 a5 17. Nd2 Qh4 18. g3 Qh6 19. Nf3 g5 20. Kg2 Re6 21. h4 g4 {Masiko,E-Kizza,F (2115) Kampala 2017 0-1}) 7... Bb7 8. cxd5 exd5 9. Qa4 a5 10. Nc3 Bd6 11. Bd3 O-O 12. Rfe1 Re8 13. Qc2 g6 14. Rad1 Qc7 15. h3 Rac8 16. a3 Qb8 17. Ng5 c5 18. Bb5 Re7 19. Qa4 Kg7 20. Re2 Nf8 21. dxc5 Bxc5 22. Qh4 h6 23. Nf3 Ne6 24. e4 g5 25. Nxg5 hxg5 26. Bxg5 Ng8 27. Bxe7 Nxe7 28. Qg4+ Ng6 29. exd5 Nef4 30. Re4 Rh8 31. Bd7 Rh4 32. Qf3 Rh5 33. Bg4 Rg5 34. h4 Re5 35. h5 f5 36. Bxf5 Rxf5 37. hxg6 Bxf2+ 38. Kxf2 Nh3+ 39. gxh3 Qh2+ 40. Ke3 Rxf3+ 41. Kxf3 Qxh3+ 42. Kf2 Qh2+ 43. Ke3 Qxb2 44. Re7+ Kxg6 45. Rc7 b5 46. Ne4 Ba8 47. Rg1+ Kh6 48. Rh1+ Kg6 49. Rg1+ Kh6 50. Rh1+ Kg6 51. Kf4 Bxd5 52. Rch7 1-0

[Event "Chess.com Open PlayIn4"]
[Site "chess.com INT"]
[Date "2026.03.25"]
[Round "8"]
[White "Yakubboev, Nodirbek"]
[Black "Aronian, L."]
[Result "0-1"]
[WhiteElo "2686"]
[BlackElo "2729"]
[PlyCount "104"]
[EventDate "2026.03.25"]

1. d4 {Pavlovic,Milos} e6 2. c4 d5 3. Nf3 Nd7 4. Nc3 Ngf6 5. cxd5 exd5 6. Bg5 Bb4 7. e3 h6 8. Bh4 g5 9. Bg3 Ne4 10. Nd2 Nxg3 ({RR} 10... Nxc3 11. bxc3 Bxc3 12. Rc1 Ba5 13. h4 Nf6 14. Rc5 Bxd2+ 15. Qxd2 Ne4 16. Bxc7 Qe7 17. Qb2 O-O 18. hxg5 Nxc5 ({RR} 18... hxg5 19. Bd3) 19. dxc5 Qxc7 20. Rxh6 Qa5+ 21. Kd1 Qa4+ 22. Kc1 f6 23. Rg6+ Kh8 24. gxf6 Rf7 25. Bd3) 11. hxg3 c6 ({RR} 11... Nb6 12. a3 Bd6 13. e4 dxe4 14. Ndxe4 Qe7 15. Be2 Bf5 16. Nxd6+ Qxd6 17. Rc1 c6 18. O-O O-O 19. f4 Rad8 20. fxg5 Bg6 21. gxh6 Qxd4+ 22. Qxd4 Rxd4 23. g4 Re8 24. Rcd1 Rxd1 25. Rxd1 Kh7 26. g5) 12. Qc2 ({RR} 12. a3 Ba5 ({RR} 12... Be7 13. Bd3 Nf6 14. Qe2 Be6 15. Nf3 Ng4 16. e4 dxe4 17. Bxe4 Qa5 18. O-O Nf6 19. Ne5 Qb6 20. Rfd1 Rd8) ({RR} 12... Bd6 13. e4 Nb6 14. e5 Be7 15. Bd3 Be6 16. Qe2 Qd7 17. Nb3 O-O-O 18. O-O-O Kb8 19. Kb1 h5) ({RR} 12... Bxc3 13. bxc3 Nf6 14. Bd3 Qe7 15. Qc2 Bd7 16. c4) 13. Bd3 Kf8 14. Qc2 Nf6 15. O-O-O Kg7 16. Kb1 Be6 17. Nb3 Bb6 18. f4 Bg4 19. Rde1 Qd6 20. Rhf1 Rae8 21. Nc5 Re7 22. Qd2 Rhe8 ({RR} 22... Bxc5 23. dxc5 Qxc5 24. fxg5 hxg5 25. b4 ({RR} 25. e4 dxe4) 25... Qd6 26. e4 Rh5 27. exd5 Rxe1+ 28. Qxe1 cxd5 ({RR} 28... Nxd5 29. Nxd5 Qxd5 30. Qc3+ Kg8 31. Bc4 Qe4+) 29. Nb5 Qb6 30. Qe5 Qe6 31. Qd4 Qb6) 23. fxg5 hxg5 24. e4 Nxe4 ({RR} 24... Nh5 25. Qxg5+ ({RR} 25. e5 Qh6 26. Qf2 Bxc5 27. dxc5 f5) 25... Qg6 26. Qxg6+ fxg6) 25. N5xe4 ({RR} 25. N3xe4 dxe4 26. Rxe4 Bh5 27. Qxg5+ Qg6 28. Qxe7 Rxe7 29. Rxe7 Bxc5 30. Rfxf7+ Qxf7 31. Rxf7+ Kxf7 32. dxc5) 25... dxe4 26. Rxe4 Rxe4 {Nakamura,H (2779)-Anand,V (2779) London 2016 CBM 176 [Pavlovic,Milos] 1-0 (43)} ({RR} 26... Bh5 27. Qxg5+ Qg6 28. Qxg6+ Bxg6 29. Rg4 Re1+ 30. Rxe1 Rxe1+ 31. Ka2 Ba5)) ({RR} 12. Bd3 Nf6 13. Qc2 Qe7 14. O-O-O Be6 15. Kb1 O-O-O 16. Nb3 Kb8 17. Na4 Nd7 18. Rc1 h5 19. a3 Bd6 20. Qd2 Rc8 21. Nbc5 Bxc5 22. Nxc5 Nxc5 23. Rxc5 h4 24. gxh4 gxh4 25. Rhc1 Qg5 26. Bf1 h3 {Salemgareev,T (2423)-Kilic,E (2497) chess.com INT 2026 0-1 (73)}) 12... Nf6 13. a3 Bxc3 $146 ({RR} 13... Be7 14. O-O-O Be6 15. Kb1 Qc7 16. Bd3 O-O-O 17. Na4 Kb8 18. Rc1 h5 19. Nf3 Nd7 20. Bf5 Rdg8 21. Bxe6 fxe6 22. e4 h4 23. e5 b5 24. Nc3 Qb6 25. Ne2 c5 26. gxh4 gxh4 27. Nf4 c4 28. Ng6 {Ratkovic,M (2471)-Kilic,E (2458) Banja Luka 2025 ½-½ (60)}) ({RR} 13... Be7 14. O-O-O Be6 15. Kb1 Qc7 16. Bd3 O-O-O 17. Na4 Kb8 18. Rc1 h5 19. Nf3 Nd7 20. Bf5 Rdg8 21. Bxe6 fxe6 22. e4 h4 23. e5 b5 24. Nc3 Qb6 25. Ne2 c5 26. gxh4 gxh4 27. Nf4 c4 28. Ng6 {Ratkovic,M (2471)-Kilic,E (2456) Banja Luka BIH 2025 ½-½ (60)}) 14. bxc3 Kf8 15. Bd3 Kg7 16. c4 Be6 17. cxd5 cxd5 18. O-O Rc8 19. Qb2 b6 20. Rfc1 g4 21. Rxc8 Bxc8 22. Rc1 h5 23. Qb4 Be6 24. Kf1 h4 25. gxh4 Rxh4 26. Ke2 Rh2 27. Rg1 g3 28. fxg3 Bg4+ 29. Kf2 Qc7 30. Nf1 Ne4+ 31. Bxe4 dxe4 32. Nd2 Qc2 33. d5 Rh6 34. Rf1 Qd3 35. Qd4+ Rf6+ 36. Kg1 Qxd4 37. exd4 Rd6 38. Rf4 Bc8 39. Nxe4 Rxd5 40. Nc3 Ra5 41. a4 Bd7 42. Kf2 Bxa4 43. d5 Bd7 44. Ke3 b5 45. Ne4 b4 46. Kd4 b3 47. Rf1 Ra4+ 48. Ke5 Rb4 49. Nc5 b2 50. Rb1 f6+ 51. Kd6 Bf5 52. Ne6+ Kf7 0-1

[Event "Titled Tue 25th Mar Late"]
[Site "chess.com INT"]
[Date "2025.03.25"]
[Round "6"]
[White "Paravyan, D."]
[Black "Caruana, F."]
[Result "0-1"]
[WhiteElo "2619"]
[BlackElo "2783"]
[PlyCount "104"]
[EventDate "2025.03.25"]

1. d4 d5 2. c4 e6 3. Nf3 Nf6 4. h3 Be7 5. Nc3 O-O 6. cxd5 exd5 7. Bf4 c6 8. e3 Bf5 9. g4 Be4 ({RR} 9... Bg6 10. Ne5 Nfd7 11. Nxg6 fxg6 12. Qb3 Nb6 13. a4 a5 14. h4 Na6 15. g5 Nb4 16. Na2 Bd6 17. Bxd6 Qxd6 18. Nxb4 axb4 19. a5 Nd7 20. Bg2 Kh8 21. Ra4 b5 22. axb6 Rxa4 23. Qxa4 Nxb6 24. Qc2 {Tabatabaei,M (2700)-Nakamura,H (2810) chess.com INT 2026 1-0 (43)}) 10. Nxe4 $146 ({RR} 10. a3 Nbd7 11. Rg1 Qb6 12. Na4 Qa5+ 13. Nd2 Bg6 14. Nc3 Qb6 15. Qb3 Ne8 16. Na4 Qxb3 17. Nxb3 Bd6 18. Nac5 Nxc5 19. Nxc5 Bxf4 20. exf4 f5 21. Nd7 Rf7 22. Ne5 Re7 23. Bd3 Nd6 24. O-O-O Rf8 {Laurent-Paoli,P (2570)-Fressinet,L (2625) L'Alpe d'Huez FRA 2024 ½-½ (41)}) ({RR} 10. g5 Nh5 11. Bxb8 Rxb8 12. Nxe4 dxe4 13. Nd2 g6 14. h4 Bb4 15. a3 Bxd2+ 16. Qxd2 Qe7 17. O-O-O b5 18. Kb1 c5 19. Be2 Ng7 20. dxc5 Qxc5 21. Qd5 Qe7 22. Qd7 Rfe8 23. Qxe7 Rxe7 24. Rd5 b4 {Lazavik,D (2605)-Movahed,S (2575) chess.com INT 2026 1-0 (45)}) ({RR} 10. g5 Nh5 11. Bh2 g6 12. Rg1 Bxf3 13. Qxf3 Bd6 14. Bxd6 Qxd6 15. h4 Nd7 16. Be2 f5 17. gxf6 Ndxf6 18. Qg2 b5 19. O-O-O Kh8 20. Kb1 a5 21. Bd3 a4 22. Qg5 b4 23. Ne2 Ne4 24. Bxe4 dxe4 {Keymer,V (2700)-Lazavik,D (2544) chess.com INT 2023 ½-½ (58)}) 10... dxe4 11. Nd2 Nd5 12. Bxb8 Rxb8 13. Bg2 Bb4 14. Bxe4 Re8 15. Bxd5 Qxd5 16. O-O h5 17. gxh5 Re6 18. a3 Bxd2 19. Qxd2 Qxh5 20. f3 Qxh3 21. Qh2 Qxh2+ 22. Kxh2 Rxe3 23. Rae1 Rbe8 24. Rxe3 Rxe3 25. Kg3 Kf8 26. Rd1 Rb3 27. d5 cxd5 28. Rxd5 Rxb2 29. Rd7 g6 30. a4 a5 31. Rd5 b6 32. Rd7 Rb4 33. Rd6 Kg7 34. Rc6 g5 35. Rd6 f6 36. Rc6 Kg6 37. Rd6 Kf5 38. Rc6 Ke5 39. Kf2 f5 40. Kg3 Rb3 41. Kf2 Ra3 42. Kg2 Rxa4 43. Rxb6 Kf4 44. Rb2 Rb4 45. Ra2 a4 46. Kf2 Ke5 47. Ke3 Rb3+ 48. Kf2 a3 49. Re2+ Kf4 50. Re8 Rb2+ 51. Kf1 a2 52. Rh8 a1=Q# 0-1

[Event "RUS-chT 25th"]
[Site "Sochi"]
[Date "2018.05.02"]
[Round "2.5"]
[White "Rodshtein, Maxim"]
[Black "Grachev, Boris V"]
[Result "1-0"]
[WhiteElo "2678"]
[BlackElo "2647"]
[PlyCount "99"]
[EventDate "2018.05.01"]
[EventType "team-tourn"]
[EventRounds "9"]
[EventCountry "RUS"]
[SourceTitle "CBM 184 Extra"]
[Source "ChessBase"]
[SourceDate "2018.06.28"]
[SourceVersion "1"]
[SourceVersionDate "2018.06.28"]
[SourceQuality "1"]
[WhiteTeam "St Petersburg Bronze Horseman"]
[BlackTeam "Moscow Legacy Square"]
[WhiteTeamCountry "RUS"]
[BlackTeamCountry "RUS"]

1. c4 e6 2. Nf3 d5 3. d4 Nf6 4. g3 Be7 5. Bg2 O-O 6. O-O dxc4 7. Qc2 c6 8. Qxc4 b5 9. Qc2 Bb7 10. Rd1 Nbd7 11. Nc3 Rc8 ({RR} 11... Qb6 12. Ne5 Rfd8 13. Be3 Nd5 14. Nxd5 cxd5 15. Rac1 Rac8 16. Qd3 b4 17. Rxc8 Bxc8 18. Qc2 Nxe5 19. dxe5 d4 20. Bxd4 Rxd4 21. Qxc8+ Rd8 22. Rxd8+ Qxd8 23. Qxd8+ Bxd8 24. b3 Bc7 25. f4 Bb6+ 26. Kf1 {So,W (2799)-Mamedyarov,S (2809) Berlin 2018 ½-½ (41)}) ({RR} 11... Qb6 12. a4 a5 13. Ne5 b4 14. Ne4 Nxe5 15. dxe5 Nd5 16. Nd6 Bxd6 17. exd6 f5 18. Bf4 Nxf4 19. gxf4 Rf6 20. Rac1 Rg6 21. Qc5 Qd8 22. d7 Rb8 23. Qa7 Rxg2+ 24. Kxg2 c5+ 25. f3 Bd5 26. Rxc5 {Buckland,L (1959)-Kirton,E (1838) England ENG 2026 1-0}) 12. Bg5 c5 13. Bxf6 Bxf6 $146 ({RR} 13... Nxf6 14. Nxb5 Qb6 15. Nc3 Bxf3 16. dxc5 Bxc5 17. exf3 Bd4 18. f4 Ng4 19. Rd2 Rfd8 20. Re1 Rb8 21. Nd1 Rbc8 22. Nc3 Rb8 23. Nd1 Rbc8 24. Nc3 {½-½ (24) Finek,V (2425)-Malinovsky,K (2473) Marianske Lazne 2022}) ({RR} 13... Nxf6 14. Nxb5 Qb6 15. Nc3 Bxf3 16. dxc5 Bxc5 17. exf3 Bd4 18. f4 Ng4 19. Rd2 Rfd8 20. Re1 Rb8 21. Nd1 Rbc8 22. Nc3 Rb8 23. Nd1 Rbc8 24. Nc3 {½-½ (24) Finek,V (2425)-Malinovsky,K (2473) Marianske Lazne 2022}) 14. Ng5 Bxg5 15. Bxb7 Rc7 16. dxc5 Rxc5 17. Qb3 Qe7 18. Bg2 Nf6 19. a4 bxa4 20. Rxa4 g6 21. Qa3 Rc7 22. Nb5 Qxa3 23. bxa3 Rc2 24. Bf3 e5 25. h4 Bd2 26. Nxa7 Re8 27. Nb5 e4 28. Bg2 e3 29. f4 Rb2 30. Nd6 Re6 31. Nc4 Ra2 32. Bf3 Ne4 33. Ra8+ Kg7 34. Kg2 Nc3 35. Rf1 Rc2 36. Ra7 Nb5 37. Rb7 Rxc4 38. Rxb5 Ra4 39. Ra1 Rea6 40. Rb7 Ra7 41. Rxa7 Rxa7 42. a4 Ra5 43. Bc6 Rc5 44. Bb5 h6 45. Kf3 g5 46. Bd3 gxh4 47. gxh4 Kf6 48. Rb1 Rh5 49. Rb6+ Kg7 50. f5 1-0

[Event "London FIDE GP 1st"]
[Site "London"]
[Date "2012.10.02"]
[Round "10"]
[White "Topalov, Veselin"]
[Black "Adams, Michael"]
[Result "1/2-1/2"]
[WhiteElo "2752"]
[BlackElo "2722"]
[PlyCount "100"]
[EventDate "2012.09.21"]
[EventType "tourn"]
[EventRounds "11"]
[EventCountry "ENG"]
[EventCategory "20"]
[SourceTitle "CBM 151"]
[Source "ChessBase"]
[SourceDate "2012.11.13"]
[SourceVersion "1"]
[SourceVersionDate "2012.11.13"]
[SourceQuality "1"]

1. d4 {Krasenkow,Michal} Nf6 2. c4 e6 3. Nf3 d5 4. Bg5 Be7 5. Qc2 h6 ({RR} 5... O-O 6. e3) 6. Bh4 ({RR} 6. Bxf6 Bxf6 7. e3 O-O ({RR} 7... O-O 8. Nc3 ({RR} 8. cxd5 exd5 9. Bd3)) 8. h4 c5 9. g4 g6 10. g5 hxg5 11. hxg5 Bg7 12. Nc3 cxd4 13. exd4 Nc6 14. O-O-O Nb4 15. Qd2 dxc4 16. Qf4 Qa5 17. Bxc4 b5 18. Bb3 Bb7 19. Kb1 Rac8 20. Rh3 Rxc3 {Mamedyarov,S (2767)-So,W (2767) Chess.com INT 2019 0-1}) ({RR} 6. Bxf6 Bxf6 7. e3 Nd7 8. Nbd2 O-O 9. h4 c5 10. dxc5 Nxc5 11. cxd5 b6 12. g4 g6 13. g5 hxg5 14. hxg5 Bg7 15. O-O-O exd5 16. Bh3 Re8 17. Nb3 Bxh3 18. Rxh3 Nxb3+ 19. Qxb3 Qc8+ 20. Kb1 Qxh3 {Guliev,G (2123)-Papasimakopoulos,A (2366) chess.com INT 2025 0-1}) ({RR} 6. Bxf6 Bxf6 7. e3 c5 8. cxd5 cxd4 9. Bb5+ Bd7 ({RR} 9... Nd7 10. dxe6 Qa5+ 11. Nc3 dxc3 12. exd7+ Bxd7 13. Bxd7+ Kxd7 14. O-O cxb2 15. Rad1+ Ke7 16. Qe4+ Kf8 17. Qxb7 Re8 18. Nd4 Qc3 19. Rb1 Bxd4 20. exd4 Qxd4 21. Rfd1 Qf6 22. Rxb2 g6) 10. dxe6 Qa5+ ({RR} 10... Bxb5 11. exf7+ Kxf7 12. Qb3+ Ke7 13. Qxb5 Qb6 14. Qxb6 axb6 15. Nxd4 Nc6 16. Nxc6+ bxc6 17. Nc3 Bxc3+ 18. bxc3 Ra3 19. Kd2 Rha8 20. Rhc1 Rxa2+ 21. Rxa2 Rxa2+ 22. Rc2) 11. Nbd2 Qxb5 12. exd7+ Nxd7 13. Qe4+ Kf8 14. Nxd4 Qxb2 15. Rb1 Qxa2 16. Qxb7 Rd8 ({RR} 16... Rb8 17. Qxd7 Rxb1+ 18. Nxb1 Qxb1+ 19. Ke2 Qb2+ 20. Kf3 g6 21. Rd1 ({RR} 21. Qxa7 Bxd4 22. Qxd4 Qxd4 23. exd4 Ke7)) 17. Qb4+ Kg8 18. O-O a5 ({RR} 18... Qd5 19. Ra1) 19. Qc3 Qd5 ({RR} 19... Bxd4 20. exd4 ({RR} 20. Qxd4 Kh7 21. Ra1 Qc2 22. Rfc1 Qf5) 20... Qd5 21. Rfd1) 20. Qc7 Nf8 {Nakamura,H (2775)-Adams,M (2745) London 2014 CBM 164 [Krasenkow,Michal] 1-0 (40)}) 6... c5 $146 ({RR} 6... O-O 7. e3 Re8 8. Bd3 dxc4 9. Bxc4 b6 10. Bxf6 Bxf6 11. Qe4 c6 12. Bd3 Qd5 13. Qh7+ Kf8 14. Nc3 Qa5 15. O-O Ba6 16. Bxa6 Nxa6 17. Ne4 Ke7 18. Nxf6 gxf6 19. Qxh6 Rh8 20. Qf4 Qh5 21. Rac1 {Berson,J-Cohen,D Toronto 1999 1-0}) 7. dxc5 Qa5+ 8. Nbd2 Qxc5 9. e3 Nbd7 10. Rc1 Nb6 11. a3 dxc4 12. Nxc4 Nxc4 13. Bxc4 O-O 14. O-O Bd7 15. Rfd1 Rfd8 16. Qb3 Qb6 17. Qxb6 axb6 18. Be2 Kf8 19. Kf1 Nd5 20. Bxe7+ Nxe7 21. Ne5 Bc6 22. g3 Rxd1+ 23. Rxd1 Ke8 24. Ke1 Nc8 25. Rd4 Ra5 26. f4 Ke7 27. Rb4 b5 28. Rb3 f6 29. Nd3 Nb6 30. Nb4 Na4 31. Nc2 Nc5 32. Rb4 e5 33. fxe5 fxe5 34. Rg4 Ne6 35. Nb4 g5 36. Nd3 Kd6 37. Nf2 Bd7 38. Rb4 Nc5 39. h4 b6 40. hxg5 hxg5 41. Kd2 Ke7 42. Bf1 Bc6 43. Ke1 Kf6 44. Nd1 Ra4 45. Nc3 Rxb4 46. axb4 Na6 47. Na2 Nc7 48. Nc3 Na6 49. Na2 Nc7 50. Nc3 Na6 1/2-1/2

[Event "Julius Baer Play-In Match"]
[Site "chess.com INT"]
[Date "2023.07.25"]
[Round "1.3"]
[White "Andreikin, D."]
[Black "Oparin, G."]
[Result "1-0"]
[WhiteElo "2729"]
[BlackElo "2681"]
[PlyCount "97"]
[EventDate "2023.07.24"]
[EventType "k.o."]

1. d4 Nf6 2. c4 e6 3. Nf3 d5 4. Bg5 dxc4 5. e4 b5 6. a4 c6 7. Nc3 Bb4 8. e5 h6 9. exf6 hxg5 10. fxg7 Rg8 11. h4 g4 12. Ng5 Rxg7 ({RR} 12... Qf6 13. Qxg4 Bb7 14. Be2 Nd7 15. Bf3 bxa4 16. O-O Rxg7 17. Nxa4 Bd2 18. Nc3 Bxg5 19. Ne4 Qf4 20. hxg5 Qxg4 21. Bxg4 Ke7 22. f4 f5 23. gxf6+ Nxf6 24. Bf3 Nxe4 25. Bxe4 Kf6 26. Ra4 Rd8 27. Rc1 {Andreikin,D (2729)-Caruana,F (2794) Samarkand UZB 2023 ½-½}) ({RR} 12... c5 13. Qxg4 cxd4 14. O-O-O Bxc3 15. bxc3 Qe7 16. Qxd4 Qa3+ 17. Kd2 Nc6 18. Qf6 Nd8 19. h5 Bb7 20. h6 b4 21. h7 bxc3+ 22. Ke1 {1-0 (22) Andreikin,D (2729)-Abdurakhmonov,M (2395) chess.com INT 2024}) 13. Qxg4 ({RR} 13. g3 f6 14. Nge4 Nd7 15. Bg2 Bb7 16. O-O a6 17. Qe2 Kf7 18. f3 gxf3 19. Rxf3 Qg8 20. Raf1 Ke7 21. Nxf6 Nxf6 22. Rxf6 Re8 23. Ne4 Kd8 24. Ng5 e5 25. dxe5 Bc5+ 26. Kh2 Rxg5 27. hxg5 Qxg5 {Maerevoet,S (2448)-Sarkisian,A (2098) Namur 2025 1-0 (44)}) 13... Bb7 $146 ({RR} 13... Nd7 14. Be2 Nf6 15. Qf3 Nd5 16. O-O Bb7 17. Nce4 Qe7 18. b3 f5 19. bxc4 fxe4 20. Qh5+ Kd7 21. cxd5 cxd5 22. axb5 Bd2 23. f4 Be3+ 24. Kh2 Bxd4 25. Rad1 Bf6 26. Nxe4 Rh8 27. Nxf6+ Qxf6 28. Qxh8 {Menyhart,T (2215)-Somlai,L (2360) Sarospatak 1994 ½-½ (35)}) 14. Be2 Nd7 15. O-O a6 16. Nxe6 Rxg4 17. Nxd8 Rxg2+ 18. Kxg2 Kxd8 19. Bf3 Rb8 20. axb5 axb5 21. h5 Kc7 22. Rh1 Rh8 23. h6 Kb6 24. Ne4 Be7 25. Ng3 Bg5 26. Rh5 Bf4 27. Rah1 b4 28. Rf5 Bd2 29. Rxf7 Bc8 30. h7 c3 31. Ne4 c5 32. Nxd2 cxd2 33. Rd1 c4 34. Rxd2 Nf8 35. Be4 Ne6 36. f4 b3 37. Kg3 Nd8 38. Rg7 Be6 39. d5 Bf7 40. d6 Kc5 41. d7 c3 42. bxc3 Bc4 43. Rg5+ Kb6 44. Rd6+ Kc7 45. Rd4 Be6 46. Rc5+ Kb6 47. Rc8 b2 48. Rb4+ Ka5 49. Ra8# 1-0